Queen songs - level easy - Statistics

General Stats
  • This quiz has been taken 34 times
  • The average score is 15 of 20
Answer Stats
Lyircs Queen song % Correct
I'm burning through the sky Yeah! Two hundred degrees That's why they call me Mister Fahrenheit Don't stop me now
96%
Buddy, you're a young man hard man Shoutin' in the street gonna take on the world some day You got blood on your face We will rock you
93%
Steve walks warily down the street With the brim pulled way down low Another one bites the dust
89%
So you think you can stone me and spit in my eye? So you think you can love me and leave me to die? Oh, baby, can't do this to me, baby Just gotta get out, just gotta get right outta here Bohemian Rhapsody
89%
Oh won't you take me home tonight? Oh down beside your red firelight Oh and you give it all you got Fat bottomed Girls
89%
She keeps a Moët & Chandon in her pretty cabinet Killer Queen
89%
I want to ride my bike I want to ride my bicycle I want to ride it where I like Bicycle Race
86%
I gotta be cool relax get hip! Get on my track's Take a back seat Hitch hike And take a long ride on my motor bike Until I'm ready (ready Freddie) Crazy little thing called love
86%
Each morning I get up I die a little Can barely stand on my feet (Take a look at yourself) Take a look in the mirror and cry Somebody to love
86%
But it's been no bed of roses no pleasure cruise I consider it a challenge before the whole human race And I ain't gonna lose We are the champions
82%
I've fallen in love I've fallen in love for the first time I want to Break Free
79%
Inside my heart is breaking My make-up may be flaking But my smile still stays on. The Show must go on
75%
So don't become some background noise A backdrop for the girls and boys Radio Ga Ga
71%
Why can't we give love give love give love? Give love give love give love give love give love? Under Pressure
71%
There's no chance for us It's all decided for us This world has only one Sweet moment set aside for us Who wants to live forever
61%
You can be anything you want to be
Just turn yourself into anything you think that you could
ever be
Be free with your tempo be free be free
Innuendo
54%
If you can't make up your mind Torn between the lover and the love you leave behind You're headed for disaster 'cause you never read the signs Too much love will kill you
46%
Adventure seeker on an empty street Just an alley creeper light on his feet A young fighter screaming with no time for doubt With the pain and anger can't see a way out I want it all
43%
The bell that rings inside your mind Is challenging the doors of time A kind of magic
39%
Oh, nobody believes me Liar
29%
No matching quizzes found
Score Distribution
Percent of People with Each Score
Percentile by Number Answered
Your Score History
You have not taken this quiz